| 000 | 00776nam a2200253Ia 4500 | ||
|---|---|---|---|
| 003 | OSt | ||
| 005 | 20220918180108.0 | ||
| 006 | a|||||r|||| 00| 0 | ||
| 007 | ta | ||
| 008 | 220917b |||||||| |||| 00| 0 eng d | ||
| 024 | _a20,639 | ||
| 037 | _cTextual | ||
| 040 |
_aARTS _cARTS _beng |
||
| 041 |
_2eng _aeng |
||
| 082 | _aV3124:1:N, L1 -;2 | ||
| 100 |
_aJones Gareth Stedman _915017 |
||
| 245 | 0 |
_aOutcast London _b a study in the relationship between classes in victorian society |
|
| 260 |
_aOxford _bClarendon Press _c1971 |
||
| 300 |
_axiv 349p. _ccm. |
||
| 500 | _aAppendix 350-393p; Bibliography 394-412p; Index 413-424p | ||
| 650 | _aHISTORY | ||
| 942 |
_hV3124:1:N, L1 -;2 _cTEXL _2CC |
||
| 999 |
_c160298 _d160298 |
||